MARC

LEADER 00000nas a2200000 i 4500
001 ssj0060680
003 WaSeSS
005 20200512172242.0
006 m d
007 cr n
008 050802c20049999fluqr p s 0 a0eng c
010 |a  2005213119 
015 |a GBB350518  |2 bnb 
016 7 |a 014678528  |2 Uk 
022 |a 1557-203X  |l 1557-2021  |y 1557-2021 
035 |a (WaSeSS)ssj0060680 
040 |a NSD  |b eng  |e pn  |c NSD  |d OCLCQ  |d OCLCS  |d GUA  |d OCLCQ  |d GUA  |d FIE  |d UKMGB  |d OCLCQ  |d OCLCF  |d TXA  |d IXA  |d WT2  |d DLC  |d NLE  |d OCLCQ  |d EZC  |d OCLCQ  |d AU@  |d OCLCQ  |d VT2  |d U3W  |d NJT  |d TOH  |d OCLCQ  |d WaSeSS 
041 0 |a eng  |a spa  |a por 
042 |a pcc  |a nsdp 
043 |a cl----- 
050 0 0 |a F1401 
222 0 |a Latin Americanist  |b (Online) 
245 0 4 |a The Latin Americanist  |h [electronic resource] :  |b TLA. 
246 1 |a TLA 
260 |a Orlando, FL :  |b Southeastern Council of Latin American Studies,  |c 2004- 
310 |a Quarterly 
362 1 |a Began with: Vol. 47, no. 3/4 (winter/spring 2004). 
500 |a "The International Review of the South Eastern Council of Latin American Studies (SECOLAS)." 
500 |a Place of publication varies. 
506 |a License restrictions may limit access. 
515 |a Some numbers are combined. 
546 |a In English, Spanish, and Portuguese. 
588 0 |a Vol. 47, no. 3/4 (winter/spring 2004); title from PDF article running title (Wiley Interscience, viewed Apr. 23, 2010). 
588 1 |a Volume 60, number 4 (December 2016) (Wiley Online Library, viewed on August 31, 2017). 
651 0 |a Latin America  |v Periodicals. 
651 7 |a Latin America.  |2 fast  |0 (OCoLC)fst01245945 
655 0 |a Electronic journals. 
710 2 |a Southeastern Council on Latin American Studies. 
776 0 8 |i Print version:  |t Latin Americanist  |x 1557-2021  |w (DLC) 2004233491  |w (OCoLC)56103233 
780 0 0 |t Southeastern Latin Americanist 
780 0 5 |a Southeastern Council on Latin American Studies.  |t SECOLAS annals 
850 |a DLC 
856 4 0 |z Full text available from Research Library: 03/01/2013 to 12/31/2016  |u https://search.proquest.com/publication/2026818 
856 4 0 |z Full text available from Research Library: 01/01/2019 to 1 year ago  |u https://search.proquest.com/publication/2026818